Who Sings This Dad Rock Song? - Statistics

General Stats
  • This quiz has been taken 114 times
  • The average score is 10 of 25
Answer Stats
Hint Year Answer % Correct
How You Remind Me 2001 Nickelback
94%
Higher 1999 Creed
79%
In The End 2000 Linkin Park
74%
Kryptonite 1999 3 Doors Down
70%
I Hate Everything About You 2003 Three Days Grace
60%
It's Been Awhile 2001 Staind
58%
The Diary of Jane 2006 Breaking Benjamin
51%
She Hates Me 2001 Puddle Of Mudd
50%
Drive 1999 Incubus
44%
Paralyzer 2007 Finger Eleven
40%
I Stand Alone 2003 Godsmack
39%
Savin' Me 2005 Nickelback
37%
Riot 2006 Three Days Grace
37%
Lips Of An Angel 2005 Hinder
35%
Click Click Boom 2001 Saliva
35%
Youth Of The Nation 2001 P.O.D.
33%
Bodies 2001 Drowning Pool
32%
Sound of Madness 2007 Shinedown
26%
Bat Country 2005 Avenged Sevenfold
25%
Addicted 2008 Saving Abel
21%
Bad Girlfriend 2008 Theory Of A Deadman
21%
Cold 2004 Crossfade
20%
Gasoline 2002 Seether
20%
Just Like You 2003 Three Days Grace
20%
Hard To See 2009 Five Finger Death Punch
7%
No matching quizzes found
Score Distribution
Percent of People with Each Score
Percentile by Number Answered
Your Score History
You have not taken this quiz